Statystyki dla Wszystkie stacje w "Następnej Stacji" Taco Hemingwaya

Kliknij tutaj aby rozwiązać quiz!

Ogólne statystyki

  • Ten quiz został rozwiązany 371 razy
  • Średni wynik to 17 z 28

Statystyki odpowiedzi

-Stacja% Poprawnych
-Młociny
99%
-Wawrzyszew
92%
-Stare Bielany
89%
-Słodowiec
85%
-Plac Wilsona
79%
-Dworzec Gdański
77%
-Marymont
72%
-Ratusz Arsenał
70%
-Świętokrzyska
69%
-Centrum
63%
-Pole Mokotowskie
61%
-Politechnika
61%
-Kabaty
58%
-Ursynów
57%
-Racławicka
56%
-Służew
55%
-Stokłosy
55%
-Wierzbno
55%
-Wilanowska
55%
-Natolin
51%
-Stadion Narodowy
51%
-Centrum Nauki Kopernik
50%
-Imielin
50%
-Rondo ONZ
48%
-Dworzec Wileński
47%
-Uniwersytet
47%
-Świętokrzyska
44%
-Rondo Kraszyńskiego
9%

Rozkład punktacji

Percentyl według liczby udzielonych odpowiedzi

Procent ludzi z każdym wynikiem

Twoja historia wyników

Nie rozwiązałeś tego quizu